00466nam a22001697a 450000500170000001000130001702000260003003500130005603700200006908200060008910000180009524500420011326000510015527000450020630000230025149000220027420111209101827.0 aB-444566 a9781865044170c195.00 aB-444566 bBlue Berry/Ven  aS aRodda, Emily  aCavern of the fear /cby Emily Rodda  aLindfield NSWbScholastic Press c2007(repr.). a345 Pacific HighwaybLindfield NSWe2070 a136p. c20cm(pbk)  aDeltora Quest 2;1